000 00366pam a2200145 a 4500
020 _c
041 _h
082 _a658.3
100 _aSCHULTZ (Duane P.)/ SCHULTZ (Sydney Ellen)
_eauthor
245 _aPersonality Theories
_hTextual Document
250 _a1st Rep.
260 _bCengage Learning India Pvt. Ltd New Delhi
_c2009
300 _a329
930 _a8031
999 _c837436
_d837436